Statistics for Top Cities In The U.S.

Click here to take the quiz!

General Stats

  • This quiz has been taken 39 times
  • The average score is 10 of 15

Answer Stats

ScoreCityState% Correct
81.02San FranciscoCA
100%
79.61BostonMA
91%
83.07ChicagoIL
91%
83.38New York CityNY
91%
80.93AustinTX
89%
81.04HonoluluHI
86%
81.22NashvilleTN
83%
85.71New OrleansLA
83%
81.62San AntonioTX
74%
87.79CharlestonSC
71%
85.06Santa FeNM
66%
85.48SavannahGA
57%
81.54AshevilleNC
26%
81WilliamsburgVA
9%
79.43Carmel-by-the-SeaCA
0%

Score Distribution

Percentile by Number Answered

Percent of People with Each Score

Your Score History

You have not taken this quiz